[Event "Charny Bonne annee"]
[Site "Charny"]
[Date "1987.01.11"]
[Round "5"]
[White "Belanger, Denis"]
[Black "Lapointe, Mario"]
[Result "1-0"]
[WhiteElo "1871"]
[BlackElo "1548"]
[PlyCount "57"]
[EventDate "1987.01.09"]
[EventType "swiss"]
[EventRounds "5"]
[EventCountry "CAN"]
[SourceTitle "EXT 2022"]
[Source "ChessBase"]
[SourceDate "2021.10.06"]
[SourceVersion "1"]
[SourceVersionDate "2021.10.06"]
[SourceQuality "1"]

1. d4 e6 2. Nf3 d5 3. c4 Nf6 4. Nc3 Bb4 5. Bg5 Nbd7 6. cxd5 exd5 7. Rc1 0-0 8. a3 Bxc3+ 9. Rxc3 c6 10. e3 h6 11. Bf4 Ne4 12. Rc1 Ndf6 13. b4 a5 14. b5 Bd7 15. Ne5 Rc8 16. bxc6 Bxc6 17. Nxc6 Rxc6 18. Rxc6 bxc6 19. f3 Nd6 20. g4 Re8 21. Kf2 g5 22. Bg3 Qe7 23. Qc1 Nb5 24. Bxb5 cxb5 25. h4 Nd7 26. hxg5 hxg5 27. Qc3 Nb6 28. Qd3 f6 29. Qg6+ 1-0